Титан: роман; пер. с англ.

Bibliografske podrobnosti
Glavni avtor: Драйзер Т. Теодор
Izvleček:В настоящее издание включен второй роман "Трилогии желания" выдающегося американского писателя Т. Драйзера— "Титан", который рисует мир капиталистических хищников США второй половины XIX века.
Jezik:ruščina
Izdano: Москва, Правда, 1981
Serija:Библиотека зарубежной классики
Teme:
Format: Knjiga
KOHA link:https://koha.lib.tpu.ru/cgi-bin/koha/opac-detail.pl?biblionumber=63425

MARC

LEADER 00000nam0a2200000 4500
001 63425
005 20231101212049.0
035 |a (RuTPU)RU\TPU\book\67315 
090 |a 63425 
100 |a 20040512d1981 m y0rusy50 ca 
101 1 |a rus  |c eng 
102 |a RU 
105 |a a z 000ay 
200 1 |a Титан  |e роман  |e пер. с англ.  |f Т. Драйзер 
210 |a Москва  |c Правда  |d 1981 
215 |a 608 с.  |c ил. 
225 1 |a Библиотека зарубежной классики 
330 |a В настоящее издание включен второй роман "Трилогии желания" выдающегося американского писателя Т. Драйзера— "Титан", который рисует мир капиталистических хищников США второй половины XIX века. 
606 1 |a Американская литература (англо-язычная литература)  |2 stltpush  |3 (RuTPU)RU\TPU\subj\28887  |9 52349 
610 1 |a проза 
610 1 |a романы 
675 |a 82  |v 3 
700 1 |a Драйзер  |b Т.  |c американский писатель и общественный деятель  |f 1871-1945  |g Теодор  |2 stltpush  |3 (RuTPU)RU\TPU\pers\37031 
801 1 |a RU  |b 63413507  |c 20040512  |g PSBO 
801 2 |a RU  |b 63413507  |c 20211221  |g PSBO 
942 |c BK